La Armada (Record no. 113130)

MARC details
000 -LEADER
campo de control de longitud fija 00508nam a2200157 4500
001 - NÚMERO DE CONTROL
campo de control 113130
003 - IDENTIFICADOR DE NÚMERO DE CONTROL
campo de control ES-MaACL
007 - CAMPO FIJO DE DESCRIPCIÓN FÍSICA--INFORMACIÓN GENERAL
campo de control de longitud fija t|
008 - DATOS DE LONGITUD FIJA--INFORMACIÓN GENERAL
campo de control de longitud fija 061121s1983 sp r ||||1| spa d
100 1# - ENTRADA PRINCIPAL--NOMBRE DE PERSONA
Nombre de persona Núñez Lacaci, Francisco.
9 (RLIN) 86206
245 13 - MENCIÓN DEL TÍTULO
Título La Armada
Resto del título : esa desconocida /
Mención de responsabilidad, etc. Francisco Núñez Lacaci, Francisco Torrente Sánchez.
260 ## - PUBLICACIÓN, DISTRIBUCIÓN, ETC.
Lugar de publicación, distribución, etc. Madrid :
Nombre del editor, distribuidor, etc. San Martín,
Fecha de publicación, distribución, etc. 1983.
300 ## - DESCRIPCIÓN FÍSICA
Extensión 493 p. :
Otras características físicas il. ;
Dimensiones 21 cm.
700 1# - ENTRADA AGREGADA--NOMBRE PERSONAL
Nombre de persona Torrente Sánchez, Francisco.
9 (RLIN) 110856
852 ## - LOCALIZACIÓN
Ubicación ES-MaACL
Número de control de estantería L-4147
Sublocalización o colección R.104861
Holdings
Estatus retirado Estado de pérdida Estado de daño No para préstamo Biblioteca de origen Biblioteca actual Ubicación en estantería Fecha de adquisición Fuente de adquisición Total de préstamos Signatura topográfica completa Código de barras Visto por última vez Precio de reemplazo Tipo de ítem Koha
        Biblioteca del Ateneo de Madrid Biblioteca del Ateneo de Madrid Depósito 2 17/01/2008     L-4147 1118002 23/02/2023 23/02/2023 Libro impreso